00704 2200289 4500001002100000005001500021035002000036007000300056040001700059100002200076245006100098250001000159300002900169020002200198041000800220082000800228084002000236090001400256264001800270336001500288337001300303338001500316650002700331700002400358850001000382990002200392INLIS00000000001419220260525110529 a0010-0526000042ta aSBPUPADbind aBunga Rampai Asn: aBunga Rampai Asn /cBunga Rampai Asn:editor:Sefni Hayati aCet.1 a121 hlm :billus ;c2024 a978-623-10-8049-3 bind a080 2[23]a080 BUN a a080 BUN a aPadang,c2024 2rdacontent 2rdamedia 2rdacarrier aIndonesia Bunga Rampai aeditor:Sefni Hayati aPUPAD a39.450/S/DPK/2025